| 000 | 01594nam a22003257a 4500 | ||
|---|---|---|---|
| 999 |
_c23439 _d23439 |
||
| 003 | AR-CdUCM | ||
| 008 | 260109b2022 pe ||||| |||| 00| 0 spa d | ||
| 020 | _a978-612-48420-1-6 | ||
| 040 |
_aMUNICIPALIDAD PROVINCIAL DEL CUSCO _cBIBLIOTECA MUNICIPAL DEL CUSCO |
||
| 041 | _hspa | ||
| 082 |
_22da. Edición _a985.61 / _bC23 |
||
| 100 |
_aCalero Flores, Jorge A. _950733 |
||
| 110 |
_aMunicipalidad Distrital de San Sebastián _95545 |
||
| 245 |
_aLa Casa del Patrón : _bDocumentos para la historia de la Iglesia de San Sebastián / |
||
| 260 |
_aCusco : _bMunicipalidad Distrital de San Sebastián _c2022 |
||
| 300 |
_a263 Páginas. : _c17 x 23 cm. |
||
| 500 | _zPáginas 262 - 263 | ||
| 505 | _aCapítulo I : Tiempos prehispánicos -- Capítulo II : La Batalla de las Salinas y la Capilla de los Mártires -- Capítulo III : La creación de la Parroquia -- Capítulo IV : El Virrey Francisco Álvarez de Toledo -- Capítulo V : San Sebastián senador y patrón jurado -- Capítulo VI : Los caciques -- Capítulo VII : Testamento del Sacerdote Lázaro de Balencia -- Capítulo VIII : Marcos de madera y pinturas de don Diego Quispe Tito.... | ||
| 650 |
_aEl emplazamiento de las tropas _951964 |
||
| 650 |
_aLa Provisión de 1578 _951965 |
||
| 650 |
_aCédula _951966 |
||
| 650 |
_aFondo Documental _951967 |
||
| 650 |
_aRobo de blandones _951968 |
||
| 650 |
_aPrimera carta anónima _951969 |
||
| 650 |
_aDorado del Retablo Mayor _951970 |
||
| 650 |
_aDocumento manuscrito _951971 |
||
| 856 | _fwww.munisansebastian.gob.pe | ||
| 942 |
_2ddc _cLIBROS |
||
| 945 |
_ajmcs _d31/12/2025 |
||